| 000 | 01784nam a2200229Ia 4500 | ||
|---|---|---|---|
| 003 | SEM | ||
| 999 |
_c44066 _d44066 |
||
| 005 | 20220608071008.0 | ||
| 008 | 141116s9999 xx 000 0 arm d | ||
| 040 |
_aSEM _cSEM |
||
| 041 | _aarm | ||
| 080 | _a34(47.925)(09)/Ս-17 | ||
| 100 | _aՍամուելյան Խաչիկ | ||
| 245 |
_aՀին հայ իրավունքի պատմությունը: / _cԽ. Սամուելյան; Պատ. խմբ.` Ս. Բուդումյան; ԽՍՀՄ ԳԱ հայկական ֆիլիալ պատմության և հնագիտության |
||
| 246 | _aИстория древнего армянского право. / | ||
| 260 |
_aԵրևան: _b«Արմֆան» հրատ., _c1939. |
||
| 300 |
_aՀ.; _c21 սմ |
||
| 504 | _aՀ. 1 - Ծանոթություն` էջ 325-334; Աղբյ.` էջ 335-336; Գրակ.` էջ 336-344; Անվանացանկ` էջ 345-354; Резюме с.: 355-363 | ||
| 505 |
_aՀ. I - _t[Իրավունքի աղբյուրներ: Հայ իրավունքի համադրությունը: Հայ իրավունքի զարգացման շրջանները - Նախարարական իրավունք: Բագրատունյաց կամ Արաբա-բյուզանդական շրջան: Թյուրք-մոնղոլական տիրապետության շրջան: Պետական ու վարչական իրավունք - Գերագույն իշխանություն: Նախարարական իշխանություն: Ջրային իրավունք: Ֆեոդալական ծառայություն: Շինականություն: Ստրկություն: ] _r/Պատ. խմբ.` Ս. Բուդումյան _g1939.- XII+363 էջ; |
||
| 650 |
_aԻրավունք _xպատմություն _zՀայաստան |
||
| 700 |
_4resp. edt. _aԲուդումյան Ս. _eպատ. խմբ. |
||
| 942 |
_2udc _cBK |
||